[Event "22nd ch-EUR Indiv 2022"]
[Site "Terme Catez SLO"]
[Date "2022.04.03"]
[Round "8.54"]
[White "Ibrahimli, Murad"]
[Black "Pultinevicius, Paulius"]
[Result "1/2-1/2"]
[WhiteTitle "IM"]
[BlackTitle "GM"]
[WhiteElo "2432"]
[BlackElo "2546"]
[WhiteFideId "13410229"]
[BlackFideId "12809390"]
[EventDate "2022.03.27"]

1. Nf3 d5 2. d4 Nf6 3. c4 e6 4. Nc3 c5 5. cxd5 Nxd5 6. e4 Nxc3 7. bxc3 cxd4 8.
cxd4 Bb4+ 9. Bd2 Bxd2+ 10. Qxd2 O-O 11. Bd3 Nc6 12. Qc3 Bd7 13. O-O Qa5 14. Qb2
Rfd8 15. Rab1 Be8 16. Rfd1 Rac8 17. Bb5 a6 18. Bf1 b5 19. d5 exd5 20. exd5 Ne7
21. d6 Ng6 22. Rbc1 Bd7 23. Ng5 Rxc1 24. Rxc1 h6 25. Ne4 Be6 26. a3 Nf8 27. Rd1
Rc8 28. Rc1 Rd8 29. Rd1 Qb6 30. Qb4 Nd7 31. Rc1 Bf5 32. Ng3 Bg6 33. h4 Ne5 34.
Rd1 Qc6 35. h5 Bh7 36. Be2 Nd7 37. Bf3 Qb6 38. Qe1 Nf6 39. Qe7 Rd7 40. Qe5 a5
41. Ne2 b4 42. axb4 axb4 43. Rd5 Bc2 44. Rb5 Qxd6 45. Qxd6 Rxd6 1/2-1/2

[Event "22nd ch-EUR Indiv 2022"]
[Site "Terme Catez SLO"]
[Date "2022.04.03"]
[Round "8.56"]
[White "Kramer, Julian"]
[Black "Gumularz, Szymon"]
[Result "1-0"]
[WhiteTitle "IM"]
[BlackTitle "GM"]
[WhiteElo "2423"]
[BlackElo "2539"]
[WhiteFideId "12921742"]
[BlackFideId "1188062"]
[EventDate "2022.03.27"]

1. e4 c5 2. Nf3 Nc6 3. Bb5 g6 4. O-O Bg7 5. Nc3 d6 6. e5 dxe5 7. Bxc6+ bxc6 8.
Re1 f6 9. b3 Nh6 10. d3 c4 11. bxc4 Nf5 12. Rb1 O-O 13. Ba3 Qc7 14. Ne4 Rd8 15.
Nc5 g5 16. c3 Nd6 17. Nd2 g4 18. Qa4 f5 19. Ndb3 Nb7 20. Nxb7 Bxb7 21. Qa5 Rd7
22. Bb4 c5 23. Nxc5 Qc6 24. Nxb7 Qxb7 25. Bd6 Qc6 26. Bxe5 e6 27. Bxg7 Kxg7 28.
Qe5+ Kf7 29. Rb5 Rc8 30. Qe2 1-0

[Event "22nd ch-EUR Indiv 2022"]
[Site "Terme Catez SLO"]
[Date "2022.04.03"]
[Round "8.57"]
[White "Lodici, Lorenzo"]
[Black "Papadiamandis, Elliot"]
[Result "1-0"]
[WhiteTitle "GM"]
[BlackTitle "FM"]
[WhiteElo "2537"]
[BlackElo "2406"]
[WhiteFideId "884189"]
[BlackFideId "36074160"]
[EventDate "2022.03.27"]

1. e4 c5 2. Be2 d6 3. f4 Nc6 4. Nf3 e5 5. fxe5 dxe5 6. Bc4 Na5 7. Bb5+ Bd7 8. a4
Bd6 9. O-O a6 10. Bxd7+ Qxd7 11. Qe1 Nc6 12. Na3 Nge7 13. Nc4 Bc7 14. Qf2 b6 15.
a5 b5 16. Nb6 Bxb6 17. axb6 c4 18. d3 cxd3 19. Ne1 O-O 20. Nxd3 Qd4 21. Be3 Qxe4
22. Rxa6 Rxa6 23. Nc5 Qc4 24. b3 Qc3 25. Nxa6 f5 26. Bc5 e4 27. b7 Qe5 28. Qd2
f4 29. Bd6 e3 30. Qd3 Qg5 31. Qe4 Rd8 32. Bxe7 Qxe7 33. Qxe7 1-0

[Event "22nd ch-EUR Indiv 2022"]
[Site "Terme Catez SLO"]
[Date "2022.04.03"]
[Round "8.58"]
[White "Golubka, Petro"]
[Black "Halkias, Stelios"]
[Result "0-1"]
[WhiteTitle "GM"]
[BlackTitle "GM"]
[WhiteElo "2401"]
[BlackElo "2527"]
[WhiteFideId "14114224"]
[BlackFideId "4201809"]
[EventDate "2022.03.27"]

1. e4 c5 2. Nf3 d6 3. d4 cxd4 4. Nxd4 Nf6 5. Nc3 a6 6. Bg5 e6 7. f4 Nbd7 8. Qf3
Qc7 9. a4 b6 10. g4 Be7 11. O-O-O O-O 12. Be2 Bb7 13. Bxf6 Bxf6 14. g5 Be7 15.
h4 b5 16. axb5 axb5 17. Bxb5 Nc5 18. f5 d5 19. exd5 Bd6 20. Rhf1 exd5 21. Qe3
Be5 22. Kd2 Rfd8 23. Ke2 Ne4 24. Rf3 Rab8 25. g6 Ba8 26. gxf7+ Qxf7 27. Ne6 Rdc8
28. Nxd5 Rxc2+ 29. Kd3 Qb7 30. Kxe4 Qxb5 31. f6 Bxf6 32. Rxf6 Re2 33. Rf3 Rxe3+
34. Rxe3 Re8 35. Ke5 Qxb2+ 36. Kd6 Qb8+ 37. Kc5 Rc8+ 38. Kd4 Bxd5 39. Kxd5 Rd8+
40. Nxd8 Qxd8+ 0-1

[Event "22nd ch-EUR Indiv 2022"]
[Site "Terme Catez SLO"]
[Date "2022.04.03"]
[Round "8.59"]
[White "Kulaots, Kaido"]
[Black "Buksa, Nataliya"]
[Result "1-0"]
[WhiteTitle "GM"]
[BlackTitle "IM"]
[WhiteElo "2527"]
[BlackElo "2401"]
[WhiteFideId "4500261"]
[BlackFideId "14123622"]
[EventDate "2022.03.27"]

1. e4 e5 2. Nf3 Nc6 3. Bb5 a6 4. Ba4 Nf6 5. O-O Nxe4 6. d4 b5 7. Bb3 d5 8. dxe5
Be6 9. Qe2 Be7 10. Rd1 O-O 11. c3 Nc5 12. Bc2 b4 13. Nd4 Nxd4 14. cxd4 Nd7 15.
f4 f5 16. Be3 c5 17. dxc5 Bxc5 18. Bxc5 Nxc5 19. Nd2 Ne4 20. Nf3 Qb6+ 21. Nd4
Rac8 22. Bb3 Kh8 23. h3 g5 24. fxg5 Nxg5 25. Kh2 f4 26. Rd3 Rg8 27. Nxe6 f3 28.
Qe3 Qxe6 29. Bxd5 Ne4 30. Qxf3 Qxe5+ 31. Kg1 Qxb2 32. Rad1 Ng5 33. Qg4 Nf7 34.
Qd4+ Qxd4+ 35. Rxd4 Rgf8 36. Rxb4 Ne5 37. Bb3 Rf6 38. Rb7 Rcf8 39. Rc1 Nc6 40.
Bd5 Nd4 41. Rcc7 Rh6 42. Be4 Nf5 43. Bxf5 1-0

[Event "22nd ch-EUR Indiv 2022"]
[Site "Terme Catez SLO"]
[Date "2022.04.03"]
[Round "8.61"]
[White "Nasuta, Grzegorz"]
[Black "Rozen, Eytan"]
[Result "1-0"]
[WhiteTitle "GM"]
[BlackTitle "IM"]
[WhiteElo "2518"]
[BlackElo "2398"]
[WhiteFideId "1141686"]
[BlackFideId "2816750"]
[EventDate "2022.03.27"]

1. e4 c5 2. Nf3 Nc6 3. d4 cxd4 4. Nxd4 Nf6 5. Nc3 e5 6. Ndb5 d6 7. Nd5 Nxd5 8.
exd5 Ne7 9. c4 Ng6 10. Qa4 Bd7 11. Qb4 Qb8 12. Be3 a6 13. Nc3 Be7 14. O-O-O O-O
15. Kb1 f5 16. f3 Qc7 17. Bb6 Qb8 18. g3 a5 19. Qa3 Bd8 20. Bf2 a4 21. h4 Ba5
22. h5 Ne7 23. f4 e4 24. h6 g6 25. Bd4 Nc8 26. Rh2 Bb6 27. Bxb6 Nxb6 28. c5 Nc8
29. c6 bxc6 30. dxc6 Be6 31. Nb5 Qb6 32. Rc2 Rf7 33. Nxd6 Qd8 34. Be2 Nxd6 35.
Rxd6 1-0

[Event "22nd ch-EUR Indiv 2022"]
[Site "Terme Catez SLO"]
[Date "2022.04.03"]
[Round "8.62"]
[White "Urh, Zala"]
[Black "Sivuk, Vitaly"]
[Result "0-1"]
[WhiteTitle "WIM"]
[BlackTitle "GM"]
[WhiteElo "2307"]
[BlackElo "2518"]
[WhiteFideId "14611481"]
[BlackFideId "14116502"]
[EventDate "2022.03.27"]

1. d4 Nf6 2. c4 g6 3. g3 Bg7 4. Bg2 O-O 5. Nc3 Nc6 6. Nf3 d5 7. cxd5 Nxd5 8. e4
Nb6 9. Be3 Nc4 10. Qe2 Nxe3 11. fxe3 e5 12. d5 Ne7 13. O-O Bd7 14. Rac1 Nc8 15.
Nd2 Nd6 16. b4 a5 17. bxa5 Rxa5 18. Nb3 Ra7 19. Nc5 Be8 20. Rc2 Bh6 21. Rfc1 Qg5
22. Nd1 Bb5 23. Qd2 Rfa8 24. Nb3 Ra4 25. Rxc7 Rxa2 26. R1c2 R2a3 27. Qb4 Bf8 28.
Rb2 Nc4 29. Qxb5 Nxb2 30. Qd7 Qf6 31. Nxb2 Rxb3 32. Nd1 Rb1 33. Qg4 Raa1 34. Bf3
h5 0-1

[Event "22nd ch-EUR Indiv 2022"]
[Site "Terme Catez SLO"]
[Date "2022.04.03"]
[Round "8.63"]
[White "Noe, Christopher"]
[Black "Beydullayeva, Govhar"]
[Result "1/2-1/2"]
[WhiteTitle "IM"]
[BlackTitle "WIM"]
[WhiteElo "2515"]
[BlackElo "2308"]
[WhiteFideId "24692018"]
[BlackFideId "13413015"]
[EventDate "2022.03.27"]

1. d4 Nf6 2. c4 e6 3. Nc3 Bb4 4. Qb3 c5 5. Nf3 Nc6 6. e3 d6 7. Bd2 O-O 8. Be2 e5
9. d5 Ne7 10. a3 Bxc3 11. Bxc3 Ne4 12. Nd2 Nxc3 13. Qxc3 f5 14. f4 Ng6 15. O-O
Bd7 16. Bd3 Qe7 17. Rae1 Rae8 18. Nb1 Qf6 19. g3 Re7 20. Rd1 Nh8 21. Qc2 Nf7 22.
Nc3 Nh6 23. h3 exf4 24. exf4 Re3 25. Qf2 Rfe8 26. Kg2 Qe7 27. Rd2 Kf8 28. Nd1
Rxd3 29. Rxd3 Qe4+ 30. Qf3 Qxc4 31. Nc3 Ng8 32. Re3 Rxe3 33. Qxe3 Qb3 34. Qd2 b5
35. Rf3 Nf6 36. Rd3 a5 37. Nd1 Qc4 38. b3 Qe4+ 39. Kh2 b4 40. axb4 axb4 41. Qe3
Bc8 42. Qxe4 Nxe4 43. Ne3 Ba6 44. Rd1 Nc3 45. Ra1 Bb7 46. Ra7 Bxd5 47. Nxd5 Nxd5
48. Rd7 Nf6 49. Rxd6 h5 50. Kg2 Ke7 51. Rd1 Ke6 52. Kf3 g6 53. Ke3 Ne4 54. g4
hxg4 55. hxg4 Nc3 56. Rg1 Nd5+ 57. Kf3 Nc3 58. Re1+ Kd6 59. Re8 Nb5 60. Rd8+ Ke6
61. gxf5+ gxf5 62. Ke3 Nd6 63. Kd3 Ke7 64. Rh8 Kd7 65. Rh7+ Kc6 66. Rh6 Kd5 67.
Rf6 Kc6 68. Rf8 Kc7 69. Rg8 Kd7 70. Ra8 Kc7 71. Ra6 Kd7 72. Ke3 Kc7 73. Ra7+ Kc6
74. Re7 Kd5 75. Re5+ Kc6 76. Kd3 Kb6 77. Re1 Kc6 78. Ke3 Kd5 79. Rd1+ Ke6 80.
Kf3 Nb5 81. Re1+ Kd7 82. Re5 Nd4+ 83. Ke3 Nxb3 84. Kd3 Kd6 85. Rxf5 Nd4 86. Rh5
b3 87. Rh6+ Kd5 88. Rh5+ Kd6 89. Kc3 Ne2+ 90. Kxb3 Nxf4 91. Rf5 Nd5 92. Rf8 Kc6
93. Rh8 Nb6 94. Kc3 Nd5+ 95. Kd3 Nb6 96. Ke4 Kb5 97. Rh1 Na4 98. Ke5 Nc3 99. Rh4
c4 100. Rh8 Kb4 101. Rb8+ Nb5 102. Kd5 c3 103. Kc6 c2 104. Rxb5+ Kc3 105. Rc5+
Kd2 106. Rxc2+ Kxc2 1/2-1/2

[Event "22nd ch-EUR Indiv 2022"]
[Site "Terme Catez SLO"]
[Date "2022.04.03"]
[Round "8.64"]
[White "Uruci, Endrit"]
[Black "Zelcic, Robert"]
[Result "0-1"]
[WhiteTitle "FM"]
[BlackTitle "GM"]
[WhiteElo "2304"]
[BlackElo "2513"]
[WhiteFideId "22100199"]
[BlackFideId "14500310"]
[EventDate "2022.03.27"]

1. e4 c6 2. d4 d5 3. Nc3 dxe4 4. Nxe4 Bf5 5. Ng3 Bg6 6. Nf3 Nd7 7. h4 h6 8. h5
Bh7 9. Bd3 Bxd3 10. Qxd3 e6 11. Bd2 Ngf6 12. O-O-O Be7 13. Kb1 Qb6 14. Ne5 Rd8
15. Nc4 Qb5 16. b3 Nb6 17. Bc1 Nxc4 18. Qxc4 Qxc4 19. bxc4 b5 20. cxb5 cxb5 21.
c3 Rd5 22. Bf4 O-O 23. Kc2 Rc8 24. Kb3 Rcd8 25. a3 a5 26. Bc7 a4+ 27. Kb2 R8d7
28. Bf4 Rd8 29. f3 Nd7 30. Nf1 Nb6 31. Ne3 R5d7 32. Ka2 Rc8 33. Rc1 f6 34. Rc2
e5 35. dxe5 Rd3 36. Nf5 Bf8 37. e6 Nd5 38. Bd6 Bxd6 39. Nxd6 Rcxc3 40. Rxc3 Rd2+
41. Rc2 Rxc2+ 42. Kb1 Rc6 43. Nf5 Rxe6 44. Rc1 Ne7 45. Nxe7+ Rxe7 46. Rc5 Re1+
47. Kc2 Re2+ 48. Kc3 Rxg2 49. Rxb5 Rg5 50. Rb8+ Kh7 51. Ra8 Rxh5 52. Rxa4 Rf5
53. f4 h5 54. Kd3 h4 55. Ke3 Kh6 56. Rb4 Rc5 57. a4 Rc3+ 58. Kf2 Ra3 59. Kg2 Kg6
60. Kh2 Kf5 61. Rc4 g6 62. Rb4 Kg4 63. f5+ Kxf5 64. Rxh4 g5 65. Rb4 g4 66. Kg2
Kg5 67. Rb5+ f5 68. a5 Kf4 69. Rb4+ Ke3 70. Rb8 Rxa5 71. Kg3 Ra3 72. Re8+ Kd4+
73. Kf2 Rf3+ 74. Ke2 Rf4 75. Rg8 Ke5 76. Re8+ Kf6 77. Rg8 Rf3 78. Ra8 Kg5 0-1

[Event "22nd ch-EUR Indiv 2022"]
[Site "Terme Catez SLO"]
[Date "2022.04.03"]
[Round "8.65"]
[White "Sebenik, Matej"]
[Black "Prokofiev, Valentyn"]
[Result "1-0"]
[WhiteTitle "GM"]
[WhiteElo "2510"]
[BlackElo "2287"]
[WhiteFideId "14602296"]
[BlackFideId "14160161"]
[EventDate "2022.03.27"]

1. c4 c5 2. Nf3 Nc6 3. Nc3 e5 4. e3 Nf6 5. d4 e4 6. d5 exf3 7. dxc6 dxc6 8.
Qxd8+ Kxd8 9. gxf3 Kc7 10. b3 Bf5 11. Bb2 Rd8 12. Rg1 Be7 13. Na4 Rhg8 14. Be2
b6 15. Rd1 g6 16. Be5+ Kb7 17. Nb2 Rxd1+ 18. Kxd1 Nd7 19. Bc3 Bh4 20. Ke1 Bb1
21. a4 Bc2 22. Bd1 Bxd1 23. Nxd1 Re8 24. Ke2 f5 25. Nb2 Ne5 26. f4 Ng4 27. Nd3
Bf6 28. Bxf6 Nxf6 29. Ne5 Re7 30. Rd1 Kc7 31. f3 Ne8 32. Kf2 Ng7 33. h4 Nh5 34.
Ra1 a5 35. Re1 Rg7 36. Rd1 Re7 37. Nd3 Rd7 38. Nb2 Re7 39. Rd3 Re6 40. Nd1 Re7
41. Nc3 Re8 42. Ne2 Re6 43. Ng3 Nxg3 44. Kxg3 h5 45. e4 fxe4 46. Re3 Kd7 47.
fxe4 Rd6 48. f5 gxf5 49. exf5 Rd4 50. f6 Rg4+ 51. Kf3 Rg6 52. Kf4 Rxf6+ 53. Kg5
Rf8 54. Kxh5 Rh8+ 55. Kg5 Rg8+ 56. Kf6 Rg1 57. h5 Rh1 58. Kg5 b5 59. h6 Kd6 60.
Re4 1-0

[Event "22nd ch-EUR Indiv 2022"]
[Site "Terme Catez SLO"]
[Date "2022.04.03"]
[Round "8.66"]
[White "Koelle, Tobias"]
[Black "Korobov, Anton"]
[Result "1/2-1/2"]
[WhiteTitle "FM"]
[BlackTitle "GM"]
[WhiteElo "2378"]
[BlackElo "2695"]
[WhiteFideId "16207378"]
[BlackFideId "14105730"]
[EventDate "2022.03.27"]

1. d4 Nf6 2. c4 g6 3. Nc3 Bg7 4. e4 d6 5. h3 O-O 6. Be3 e5 7. d5 Na6 8. g4 c6 9.
Qd2 Nc5 10. f3 cxd5 11. cxd5 Bd7 12. Nge2 Qa5 13. Rb1 Qd8 14. Nc1 a5 15. Nd3 b6
16. Be2 Ne8 17. h4 f5 18. gxf5 gxf5 19. Bg5 Bf6 20. Nxc5 bxc5 21. exf5 Bxf5 22.
Bd3 Bxg5 23. hxg5 Ra7 24. Ke2 Ng7 25. Ne4 c4 26. Bc2 Bg6 27. Nf6+ Rxf6 28. gxf6
Qxf6 29. Bxg6 hxg6 30. Rbg1 Nf5 31. Kd1 Nd4 32. Qg2 Kg7 33. Qh3 Qxf3+ 34. Qxf3
Nxf3 35. Rg4 Rb7 36. Kc1 Re7 37. Rxc4 e4 38. Kd1 Kf6 39. Ke2 Kf5 40. Ke3 Ne5 41.
Rf1+ Nf3 42. Ra4 g5 43. Rxa5 g4 44. Ra8 Rb7 45. Rf8+ Ke5 46. Re8+ Kxd5 47. Rd1+
Kc6 48. Rxe4 Rxb2 49. Rxg4 Ne5 50. Rgd4 Rxa2 51. Rxd6+ Kc7 52. Re6 Nc6 53. Rc1
Ra6 54. Rh6 Kd7 55. Rb1 Ra3+ 56. Kf2 Ra2+ 57. Kf1 Kc7 58. Rc1 Ra6 59. Rc4 Kd7
60. Kg2 Rb6 61. Rg4 Rb2+ 62. Kf1 Kc7 63. Ke1 Rc2 64. Kd1 Rc5 65. Kd2 Rd5+ 66.
Kc3 Rc5+ 67. Rc4 Rxc4+ 68. Kxc4 Kd7 69. Kd5 Ne7+ 70. Kc5 Nf5 71. Rf6 Ne7 72.
Rd6+ Kc7 73. Rd1 Nc6 74. Rd2 Ne7 75. Rd6 Nc8 76. Rh6 Kd7 77. Rh7+ Ne7 78. Rxe7+ 1/2-1/2

[Event "22nd ch-EUR Indiv 2022"]
[Site "Terme Catez SLO"]
[Date "2022.04.03"]
[Round "8.67"]
[White "Hovhannisyan, Robert"]
[Black "Roseneck, Jonas"]
[Result "1/2-1/2"]
[WhiteTitle "GM"]
[BlackTitle "FM"]
[WhiteElo "2643"]
[BlackElo "2376"]
[WhiteFideId "13302507"]
[BlackFideId "12939870"]
[EventDate "2022.03.27"]

1. e4 c5 2. Nf3 d6 3. d4 cxd4 4. Nxd4 Nf6 5. Nc3 a6 6. Be2 e5 7. Nb3 Be7 8. Be3
Be6 9. O-O O-O 10. Qd3 Nbd7 11. a4 Rc8 12. a5 Qc7 13. Rfd1 Rfd8 14. Bf3 Nc5 15.
Qf1 Qb8 16. Nxc5 dxc5 17. Na4 Nd7 18. h3 Qc7 19. Qe1 b5 20. axb6 Nxb6 21. Rxd8+
Qxd8 22. Qa5 Nc4 23. Qxd8+ Bxd8 24. Bc1 Ba5 25. b3 Nd2 26. Bxd2 Bxd2 27. Bg4
Bxg4 28. hxg4 c4 29. Nb6 cxb3 30. cxb3 Rc2 31. Rxa6 g6 32. Kf1 Bb4 33. Nd7 Rc1+ 1/2-1/2

[Event "22nd ch-EUR Indiv 2022"]
[Site "Terme Catez SLO"]
[Date "2022.04.03"]
[Round "8.68"]
[White "Manca, Federico"]
[Black "Thybo, Jesper Sondergaard"]
[Result "0-1"]
[WhiteTitle "IM"]
[BlackTitle "GM"]
[WhiteElo "2370"]
[BlackElo "2590"]
[WhiteFideId "800171"]
[BlackFideId "1438832"]
[EventDate "2022.03.27"]

1. e4 e5 2. Nf3 Nc6 3. Bb5 g6 4. c3 a6 5. Ba4 d6 6. d4 Bd7 7. d5 Nce7 8. Bxd7+
Qxd7 9. O-O Bg7 10. c4 h6 11. Nc3 f5 12. Ne1 Nf6 13. f3 O-O 14. Nd3 c6 15. Be3
Kh7 16. Qe2 cxd5 17. cxd5 Rac8 18. a4 f4 19. Bf2 g5 20. a5 Rf7 21. Na4 Rg8 22.
Nb6 Qd8 23. Rac1 h5 24. Kh1 Bh6 25. Rc2 g4 26. Bh4 Bg5 27. Bxg5 Rxg5 28. Rfc1
Rfg7 29. Qf2 Qe8 30. Rc7 gxf3 31. gxf3 Qg6 32. Re1 Rg2 33. Rxe7 Rxf2 34. Rxg7+
Qxg7 35. Nxf2 Qc7 36. Nh3 Kh6 37. Rg1 Qc2 38. b4 Nxe4 39. fxe4 Qxe4+ 40. Rg2 f3 0-1

[Event "22nd ch-EUR Indiv 2022"]
[Site "Terme Catez SLO"]
[Date "2022.04.03"]
[Round "8.69"]
[White "Stevic, Hrvoje"]
[Black "Risteski, Emil"]
[Result "1/2-1/2"]
[WhiteTitle "GM"]
[BlackTitle "FM"]
[WhiteElo "2587"]
[BlackElo "2374"]
[WhiteFideId "14502569"]
[BlackFideId "15005267"]
[EventDate "2022.03.27"]

1. e4 c5 2. c3 Nf6 3. e5 Nd5 4. Bc4 e6 5. Nf3 d6 6. d4 cxd4 7. cxd4 Be7 8. O-O
O-O 9. Qe2 dxe5 10. dxe5 Bd7 11. Qe4 Nb4 12. Nc3 Bc6 13. Qg4 Bxf3 14. Qxf3 Qd4
15. Qe4 N8c6 16. Bf4 Rac8 17. Rfd1 Qxe4 18. Nxe4 Nxe5 1/2-1/2

[Event "22nd ch-EUR Indiv 2022"]
[Site "Terme Catez SLO"]
[Date "2022.04.03"]
[Round "8.70"]
[White "Meshkovs, Nikita"]
[Black "Szwed, Jacek"]
[Result "1-0"]
[WhiteTitle "GM"]
[BlackTitle "FM"]
[WhiteElo "2561"]
[BlackElo "2357"]
[WhiteFideId "11602740"]
[BlackFideId "1126431"]
[EventDate "2022.03.27"]

1. c4 Nf6 2. Nf3 e6 3. g3 d5 4. Bg2 Bd6 5. d4 h6 6. Nc3 O-O 7. O-O Nc6 8. e3
dxc4 9. Nd2 e5 10. Nxc4 exd4 11. exd4 Bg4 12. Qd2 Re8 13. d5 Ne5 14. Nxe5 Bxe5
15. Qc2 Qd7 16. Qb3 Bh3 17. Qxb7 Bxg2 18. Kxg2 Bxc3 19. bxc3 Rab8 20. Qc6 Qf5
21. d6 cxd6 22. Qf3 Qxf3+ 23. Kxf3 Rbc8 24. Bb2 Ne4 25. Kg2 Nd2 26. Rfd1 Nc4 27.
Bc1 Re2 28. Bf4 Rc2 29. h4 Rc5 30. Rd4 g5 31. Bxd6 Rc6 32. Bb8 Ne3+ 33. Kg1 Nf5
34. Rd5 Ne7 35. Rd8+ Kh7 36. h5 R6xc3 37. Be5 Rc8 38. Rad1 R2c6 39. Rxc8 Rxc8
40. Rd7 Nc6 41. Rxf7+ Kg8 42. Rg7+ Kf8 43. Rh7 Re8 44. Bg7+ Kf7 45. Bc3+ Ke6 46.
Rxh6+ Kd5 47. Rxc6 1-0

[Event "22nd ch-EUR Indiv 2022"]
[Site "Terme Catez SLO"]
[Date "2022.04.03"]
[Round "8.71"]
[White "Wachinger, Nikolas"]
[Black "David, Alberto"]
[Result "1-0"]
[BlackTitle "GM"]
[WhiteElo "2376"]
[BlackElo "2545"]
[WhiteFideId "12962791"]
[BlackFideId "4000013"]
[EventDate "2022.03.27"]

1. e4 c6 2. Nf3 d5 3. Nc3 dxe4 4. Nxe4 Nf6 5. Qe2 Nxe4 6. Qxe4 Qd5 7. Qh4 Qe6+
8. Be2 Qg4 9. Qg3 Qxg3 10. hxg3 Nd7 11. b3 Nf6 12. Bb2 Bf5 13. O-O-O Rd8 14. Ne5
Be6 15. Rh4 h6 16. Re1 Rg8 17. Bd3 Bc8 18. Rd4 Rxd4 19. Bxd4 a6 20. b4 e6 21.
Bc5 Nd7 22. Nxd7 Kxd7 23. a4 Kc7 24. a5 Bxc5 25. bxc5 Rd8 26. Bc4 Rd4 27. d3 Rg4
28. Kd2 h5 29. Rh1 Rg5 30. d4 e5 31. c3 Rf5 32. Ke3 Bd7 33. Rh4 Kd8 34. Be2 g6
35. g4 hxg4 36. Rh8+ Kc7 37. Bxg4 exd4+ 38. cxd4 Rf6 39. Bf3 Re6+ 40. Kd2 Rf6
41. Rf8 Be6 42. Kd3 Bd7 43. Ke3 Bf5 44. g4 Be6 45. Be2 Ba2 46. g5 Re6+ 47. Kd3
Bb1+ 48. Kd2 Re4 49. Rxf7+ Kb8 50. Rd7 Rh4 51. Bf3 Bf5 52. Rd6 Kc7 53. Ke3 Rh3
54. Kf4 Rh2 55. Bg4 Rxf2+ 56. Kg3 Rf1 57. Bxf5 gxf5 58. g6 Kc8 59. Kh4 f4 60.
Kg4 f3 61. Kg3 Kc7 62. Kf4 Kc8 63. Ke3 Kc7 64. Rf6 Kd7 65. Rxf3 Rg1 66. Rf6 Ke7
67. Rd6 Rg2 68. Kf4 Rg1 69. Kf5 Rg2 70. Re6+ Kf8 71. Rf6+ Kg8 72. Rf7 1-0

[Event "22nd ch-EUR Indiv 2022"]
[Site "Terme Catez SLO"]
[Date "2022.04.03"]
[Round "8.72"]
[White "Spalir, Jernej"]
[Black "Demuth, Adrien"]
[Result "1/2-1/2"]
[WhiteTitle "IM"]
[BlackTitle "GM"]
[WhiteElo "2373"]
[BlackElo "2496"]
[WhiteFideId "14606518"]
[BlackFideId "642274"]
[EventDate "2022.03.27"]

1. d4 g6 2. c4 Bg7 3. Nf3 d6 4. g3 c5 5. d5 b5 6. cxb5 a6 7. bxa6 Bxa6 8. Bg2
Nd7 9. O-O Ngf6 10. Nc3 Nb6 11. Re1 O-O 12. e4 Nfd7 13. Qc2 Nc4 14. Bf1 Nde5 15.
Nxe5 Nxe5 16. Kg2 Qa5 17. Bd2 Bxf1+ 18. Rxf1 Qa6 19. a4 Qd3 20. Qxd3 Nxd3 21. b3
Rfb8 22. Ra3 c4 23. Rb1 Rxb3 24. Raxb3 cxb3 25. Rxb3 Nc5 26. Ra3 Bxc3 27. Bxc3
Rxa4 28. Rxa4 Nxa4 29. Bd4 e5 30. dxe6 fxe6 31. f4 e5 32. fxe5 dxe5 33. Bxe5 Nc5
34. Kf3 h5 35. Bd6 Ne6 36. e5 Kf7 37. Ke4 Ng5+ 38. Kd5 Ne6 39. Bb4 Nd8 40. Ba5
Ne6 41. Bb6 Nf8 42. Ba5 Ne6 43. Bb6 1/2-1/2

[Event "22nd ch-EUR Indiv 2022"]
[Site "Terme Catez SLO"]
[Date "2022.04.03"]
[Round "8.73"]
[White "Lenaerts, Lennert"]
[Black "Firat, Burak"]
[Result "1-0"]
[WhiteTitle "FM"]
[BlackTitle "GM"]
[WhiteElo "2361"]
[BlackElo "2487"]
[WhiteFideId "211435"]
[BlackFideId "6305881"]
[EventDate "2022.03.27"]

1. d4 Nf6 2. c4 e6 3. Nc3 Bb4 4. Qc2 O-O 5. a3 Bxc3+ 6. Qxc3 b6 7. Bg5 Bb7 8. f3
d5 9. e3 Nbd7 10. cxd5 exd5 11. Bd3 h6 12. Bh4 c5 13. Ne2 Qe7 14. Bf2 a5 15. O-O
c4 16. Bc2 b5 17. Ng3 g6 18. Rfe1 b4 19. Qd2 h5 20. e4 dxe4 21. Nxe4 Nxe4 22.
fxe4 b3 23. Bb1 Rfe8 24. e5 Qe6 25. Be4 Bd5 26. Qh6 Rac8 27. Bh4 Bxe4 28. Rxe4
g5 29. Qxh5 Qg6 30. Qxg6+ fxg6 31. Bxg5 c3 32. bxc3 Rxc3 33. e6 Nb6 34. e7 b2
35. Rf1 Rb3 36. Ref4 Nd7 37. Rb1 Nb6 38. Rbf1 Nd7 39. Rb1 Nb6 40. h4 Nc4 41. d5
Nxa3 42. Rbf1 Rbb8 43. d6 b1=Q 44. d7 Qb6+ 45. Kh1 Qd6 46. dxe8=Q+ Rxe8 47. Rf8+
Rxf8 48. Rxf8+ 1-0

[Event "22nd ch-EUR Indiv 2022"]
[Site "Terme Catez SLO"]
[Date "2022.04.03"]
[Round "8.74"]
[White "Ioannidis, Evgenios"]
[Black "Kalogeris, Ioannis"]
[Result "1-0"]
[WhiteTitle "IM"]
[BlackTitle "FM"]
[WhiteElo "2481"]
[BlackElo "2368"]
[WhiteFideId "4229274"]
[BlackFideId "4239563"]
[EventDate "2022.03.27"]

1. d4 Nf6 2. c4 e6 3. Nf3 d5 4. Nc3 c5 5. cxd5 Nxd5 6. e3 Nc6 7. Bd3 cxd4 8.
exd4 Be7 9. O-O O-O 10. Re1 Qd6 11. Ne4 Qc7 12. a3 Rd8 13. Qc2 Na5 14. Nc3 Nf6
15. Bg5 h6 16. Bh4 Kf8 17. b4 Nc6 18. Bg3 Qd7 19. Rad1 Nd5 20. Nxd5 Qxd5 21. Bc4
Qf5 22. Qxf5 exf5 23. d5 1-0

[Event "22nd ch-EUR Indiv 2022"]
[Site "Terme Catez SLO"]
[Date "2022.04.03"]
[Round "8.75"]
[White "O'Gorman, Tom"]
[Black "Ahmadzada, Ahmad"]
[Result "0-1"]
[WhiteTitle "FM"]
[BlackTitle "IM"]
[WhiteElo "2357"]
[BlackElo "2480"]
[WhiteFideId "2508249"]
[BlackFideId "13413007"]
[EventDate "2022.03.27"]

1. d4 Nf6 2. c4 g6 3. Nc3 Bg7 4. e4 c5 5. Nf3 cxd4 6. Nxd4 d6 7. Be2 O-O 8. O-O
Nc6 9. Be3 Bd7 10. h3 Nxd4 11. Bxd4 Bc6 12. Qc2 a5 13. Rfd1 Nd7 14. Bxg7 Kxg7
15. Bg4 Nc5 16. e5 f5 17. Be2 f4 18. Bf1 Rf5 19. exd6 exd6 20. f3 Qf6 21. Qf2
Rd8 22. Rd2 Re5 23. Re1 b6 24. Red1 Re3 25. Rd4 g5 26. Qd2 Re6 27. Nd5 Bxd5 28.
Rxd5 h6 29. a3 a4 30. Qb4 Rb8 31. Qb5 Rb7 32. Qc6 Qxb2 33. Rxd6 Rbe7 34. Rxe6
Rxe6 35. Qc7+ Kg6 36. Rd8 Qg7 37. Qc8 Kh5 38. Kh2 Qa1 39. Rd5 Qxf1 40. Rxc5 Qe1 0-1

[Event "22nd ch-EUR Indiv 2022"]
[Site "Terme Catez SLO"]
[Date "2022.04.03"]
[Round "8.76"]
[White "Bilych, Olexiy"]
[Black "Loiseau, Quentin"]
[Result "1-0"]
[WhiteTitle "FM"]
[BlackTitle "IM"]
[WhiteElo "2342"]
[BlackElo "2474"]
[WhiteFideId "14156504"]
[BlackFideId "665274"]
[EventDate "2022.03.27"]

1. e4 d6 2. d4 Nf6 3. Nc3 g6 4. Be3 c6 5. h3 Bg7 6. f4 Qa5 7. Bd3 e5 8. Nf3 Nxe4
9. Bxe4 f5 10. O-O fxe4 11. Nxe4 O-O 12. fxe5 dxe5 13. Nxe5 Bf5 14. Nd6 Qd5 15.
Nxf5 gxf5 16. c4 Qe4 17. Qb3 Bxe5 18. dxe5 Qxe5 19. Rad1 Na6 20. c5+ Rf7 21. Rd7
Rf8 22. Bd4 Nxc5 23. Qxf7+ Rxf7 24. Rd8+ 1-0